[Event "MCR_CF282"]
[Site "?"]
[Date "2003.??.??"]
[Round "?"]
[White "Majstr, Jiri"]
[Black "Vladyka, Vaclav"]
[Result "1-0"]
[WhiteElo "1944"]
[BlackElo "2053"]
[PlyCount "81"]
[EventDate "2003.??.??"]
[EventType "corr"]
[EventRounds "2"]
[SourceDate "2005.03.12"]

1. e4 c5 2. c3 d5 3. e5 Nc6 4. d4 cxd4 5. cxd4 Bf5 6. Nc3 e6 7. Be3 Bb4 8. Rc1
Nge7 9. a3 Bxc3+ 10. Rxc3 O-O 11. g4 Bg6 12. h4 f6 13. exf6 Rxf6 14. h5 Be8 15.
Bg5 Rf8 16. h6 g6 17. Nf3 Qd6 18. Qe2 Bd7 19. Qe3 Rac8 20. Be2 a6 21. O-O Rf7
22. Rcc1 Rcf8 23. Ne5 Nxe5 24. dxe5 Qb8 25. Bf6 Rc8 26. Rxc8+ Qxc8 27. Rc1 Bc6
28. Qc5 Qc7 29. b4 Qd7 30. Bxe7 Qxe7 31. Qxe7 Rxe7 32. Bxa6 d4 33. Bc4 Kf7 34.
Bd3 Be8 35. b5 Kf8 36. Rc8 b6 37. a4 Rb7 38. Be4 Rd7 39. Bc6 Re7 40. a5 d3 41.
Kf1 1-0

[Event "MCR_CF282"]
[Site "?"]
[Date "2003.??.??"]
[Round "?"]
[White "Mazal, Petr"]
[Black "Fuka, Miroslav"]
[Result "1-0"]
[WhiteElo "2165"]
[BlackElo "2012"]
[PlyCount "53"]
[EventDate "2003.??.??"]
[EventType "corr"]
[EventRounds "2"]
[SourceDate "2005.03.12"]

1. e4 Nc6 2. e5 Nxe5 3. d4 Ng6 4. Nf3 e6 5. h4 Be7 6. h5 Nh4 7. Nc3 Nxf3+ 8.
Qxf3 Bf6 9. Bf4 Bxd4 10. Nb5 Bb6 11. Qg3 Qf6 12. Bxc7 Bc5 13. f4 d6 14. Bxd6
Bxd6 15. Nxd6+ Kf8 16. O-O-O Bd7 17. Nxb7 Bc6 18. Ba6 Ne7 19. Nc5 Nf5 20. Qf2
Rb8 21. Bb7 Ne7 22. Rhf1 Kg8 23. c3 Qh6 24. Na6 Rf8 25. Bxc6 Nxc6 26. Qc5 Nb8
27. Nxb8 1-0

[Event "MCR_CF282"]
[Site "?"]
[Date "2003.??.??"]
[Round "?"]
[White "Mazal, Petr"]
[Black "Houdek, Vladimir"]
[Result "1/2-1/2"]
[WhiteElo "2165"]
[BlackElo "2183"]
[PlyCount "92"]
[EventDate "2003.??.??"]
[EventType "corr"]
[EventRounds "2"]
[SourceDate "2005.03.12"]

1. e4 c5 2. Nf3 e6 3. d4 cxd4 4. Nxd4 a6 5. Bd3 Bc5 6. Nb3 Ba7 7. O-O Ne7 8.
Bf4 d5 9. Qh5 Nd7 10. exd5 Nf6 11. Qh4 Nexd5 12. Be5 Bd7 13. N1d2 Bc6 14. Qg3
Bb8 15. Rfe1 O-O 16. Nc4 Nh5 17. Qh3 Qg5 18. Nd4 g6 19. Nxc6 bxc6 20. Rad1 Nhf4
21. Qf3 h5 22. Bf1 h4 23. g3 Nh5 24. Bg2 Ng7 25. Qa3 Nf5 26. Qa4 Rc8 27. Bxb8
Raxb8 28. Qxa6 Ra8 29. Qb7 Rab8 30. Qa7 Ra8 31. Qc5 Rxa2 32. Bxd5 exd5 33. Nb6
hxg3 34. Nxc8 gxf2+ 35. Kxf2 Qf4+ 36. Ke2 Rxb2 37. Kd3 Rb4 38. Nb6 Qf3+ 39. Kd2
Rb5 40. Re8+ Kh7 41. Qg1 Qf4+ 42. Ke2 Rb2 43. Rd2 Rb4 44. Rd3 Rb2 45. Rd2 Rb4
46. Rd3 Rb2 1/2-1/2

[Event "MCR_CF282"]
[Site "?"]
[Date "2003.??.??"]
[Round "?"]
[White "Mazal, Petr"]
[Black "Kotrc, Michal"]
[Result "0-1"]
[WhiteElo "2165"]
[BlackElo "2095"]
[PlyCount "68"]
[EventDate "2003.??.??"]
[EventType "corr"]
[EventRounds "2"]
[SourceDate "2005.03.12"]

1. e4 c6 2. d4 d5 3. Nc3 dxe4 4. Nxe4 Nf6 5. Nxf6+ exf6 6. c3 Bd6 7. Bd3 Qc7 8.
Ne2 Be6 9. c4 Na6 10. c5 Be7 11. Bd2 Qd7 12. Qc2 Nc7 13. O-O Nd5 14. Ng3 g6 15.
Rfe1 f5 16. Ne2 O-O 17. Bh6 Rfe8 18. Qd2 Bf6 19. b3 b5 20. a4 b4 21. Rac1 a5
22. Be4 fxe4 23. h3 Bh8 24. Qc2 Bxh3 25. gxh3 Qxh3 26. Be3 Nxe3 27. fxe3 Qxe3+
28. Kg2 Rad8 29. Ng1 Qg5+ 30. Kh1 Bxd4 31. Qg2 Qxg2+ 32. Kxg2 f5 33. Nh3 Kg7
34. Rc2 Be5 0-1

[Event "MCR_CF282"]
[Site "?"]
[Date "2003.??.??"]
[Round "?"]
[White "Mazal, Petr"]
[Black "Majstr, Jiri"]
[Result "0-1"]
[WhiteElo "2165"]
[BlackElo "1944"]
[PlyCount "128"]
[EventDate "2003.??.??"]
[EventType "corr"]
[EventRounds "2"]
[SourceDate "2005.03.12"]

1. e4 e5 2. Nf3 Nc6 3. Bb5 a6 4. Ba4 Nf6 5. O-O Be7 6. Re1 b5 7. Bb3 d6 8. c3
O-O 9. h3 Na5 10. Bc2 c5 11. d4 Qc7 12. d5 Nc4 13. b3 Nb6 14. Nbd2 Bd7 15. c4
Rfb8 16. a4 bxa4 17. bxa4 a5 18. Bd3 Qc8 19. Nb1 Ne8 20. Nc3 Nc7 21. Be2 Qd8
22. Bd2 Na6 23. Nb5 Nb4 24. Qb1 Qf8 25. g4 Rd8 26. Qb3 Bf6 27. Rab1 Rab8 28.
Kg2 Rb7 29. Kg3 Rc8 30. h4 Be7 31. h5 Qe8 32. h6 Qf8 33. Rh1 g6 34. g5 f6 35.
gxf6 Bxf6 36. Kg2 Qe7 37. Rhg1 Rbb8 38. Kf1 Re8 39. Ke1 Bh8 40. Rg3 Rf8 41. Rc1
Rf4 42. Bxf4 exf4 43. Rg2 Qxe4 44. Nxd6 Qe7 45. Nb5 Bh3 46. d6 Qe4 47. Ng5 Qxg2
48. Nxh3 Re8 49. Kd2 Qe4 50. Bf3 Qf5 51. Ng1 Qg5 52. Ne2 Qxh6 53. Rd1 g5 54.
Ke1 Bf6 55. Nc7 Rd8 56. Be4 g4 57. Ne6 f3 58. Nxd8 Qh1+ 59. Kd2 Bg5+ 60. Kc3
Qh2 61. Nd4 Bxd8 62. Kb2 Bf6 63. Kb1 Bxd4 64. Rxd4 cxd4 0-1

[Event "MCR_CF282"]
[Site "?"]
[Date "2003.??.??"]
[Round "?"]
[White "Mazal, Petr"]
[Black "Splichal, Josef"]
[Result "1/2-1/2"]
[WhiteElo "2165"]
[BlackElo "2217"]
[PlyCount "58"]
[EventDate "2003.??.??"]
[EventType "corr"]
[EventRounds "2"]
[SourceDate "2005.03.12"]

1. e4 e5 2. Nf3 Nc6 3. Bb5 a6 4. Ba4 Nf6 5. O-O Nxe4 6. d4 b5 7. Bb3 d5 8. dxe5
Be6 9. c3 Bc5 10. Nbd2 O-O 11. Bc2 Bf5 12. Nb3 Bxf2+ 13. Rxf2 Nxf2 14. Kxf2
Bxc2 15. Qxc2 f6 16. Nbd4 fxe5 17. Nxc6 Qf6 18. Ncxe5 Qxe5 19. Qd3 Rxf3+ 20.
Kxf3 Rf8+ 21. Kg4 h5+ 22. Kh4 Rf5 23. Qg3 Qe7+ 24. Bg5 Qe4+ 25. Kh3 Rf2 26. b3
c5 27. a4 Qf5+ 28. Kh4 Qe4+ 29. Kh3 Qf5+ 1/2-1/2

[Event "MCR_CF282"]
[Site "?"]
[Date "2003.??.??"]
[Round "?"]
[White "Mazal, Petr"]
[Black "Vladyka, Vaclav"]
[Result "1-0"]
[WhiteElo "2165"]
[BlackElo "2053"]
[PlyCount "73"]
[EventDate "2003.??.??"]
[EventType "corr"]
[EventRounds "2"]
[SourceDate "2005.03.12"]

1. e4 c5 2. Nf3 d6 3. d4 cxd4 4. Nxd4 Nf6 5. Nc3 Nc6 6. Bg5 e6 7. Qd2 Be7 8.
O-O-O O-O 9. Nb3 Qb6 10. f3 Rd8 11. Be3 Qc7 12. Qf2 d5 13. exd5 Nxd5 14. Nxd5
Rxd5 15. Rxd5 exd5 16. Bb5 b6 17. Rd1 Be6 18. Kb1 Bd6 19. f4 Ne7 20. Nd4 Bd7
21. Bd3 a6 22. Qf3 b5 23. Qh5 g6 24. Qh6 b4 25. Rf1 Nc6 26. f5 Bf8 27. Qh4 Bg7
28. Nxc6 Bxc6 29. f6 Bf8 30. Bh6 Qd6 31. Bxf8 Qxf8 32. Rf3 Qc5 33. a3 h5 34.
Qg5 Be8 35. Rh3 bxa3 36. Rxh5 a2+ 37. Ka1 1-0

[Event "MCR_CF282"]
[Site "?"]
[Date "2003.??.??"]
[Round "?"]
[White "Splichal, Josef"]
[Black "Fuka, Miroslav"]
[Result "1-0"]
[WhiteElo "2217"]
[BlackElo "2012"]
[PlyCount "103"]
[EventDate "2003.??.??"]
[EventType "corr"]
[EventRounds "2"]
[SourceDate "2005.03.12"]

1. e4 e5 2. Nf3 d6 3. d4 Nf6 4. dxe5 Nxe4 5. Bd3 Nc5 6. O-O dxe5 7. Nxe5 Nxd3
8. Nxd3 Be7 9. Nc3 O-O 10. Re1 Nc6 11. Bf4 Bf5 12. Rc1 Re8 13. Qf3 Bxd3 14.
cxd3 Qd7 15. Qg3 Rac8 16. Rcd1 Bd6 17. Bxd6 cxd6 18. Re3 d5 19. d4 Rxe3 20.
fxe3 f5 21. Rf1 Ne7 22. Qe5 Rf8 23. Rf3 Rd8 24. Qf4 b5 25. a3 a5 26. Rf1 Rf8
27. Ne2 b4 28. axb4 axb4 29. Nc1 Ng6 30. Qf2 f4 31. Nd3 fxe3 32. Qxe3 Rxf1+ 33.
Kxf1 Qf5+ 34. Ke1 h6 35. Kd2 b3 36. g3 Nf8 37. Qe5 Qxe5 38. dxe5 d4 39. Nc5 Ng6
40. e6 Ne5 41. Nxb3 Nc4+ 42. Kc2 Ne3+ 43. Kc1 Kf8 44. Nxd4 Nd5 45. Kd2 Ke7 46.
Kd3 g6 47. Kc4 Kd6 48. b4 Ne3+ 49. Kb5 Nd5 50. Ka5 Kc7 51. b5 h5 52. Ka6 1-0

[Event "MCR_CF282"]
[Site "?"]
[Date "2003.??.??"]
[Round "?"]
[White "Splichal, Josef"]
[Black "Houdek, Vladimir"]
[Result "1-0"]
[WhiteElo "2217"]
[BlackElo "2183"]
[PlyCount "83"]
[EventDate "2003.??.??"]
[EventType "corr"]
[EventRounds "2"]
[SourceDate "2005.03.12"]

1. e4 c5 2. Nf3 e6 3. d4 cxd4 4. Nxd4 a6 5. Bd3 Bc5 6. Nb3 Ba7 7. Nc3 Nc6 8.
O-O Nge7 9. Qe2 O-O 10. Be3 Bxe3 11. Qxe3 d5 12. exd5 exd5 13. Rfe1 Be6 14.
Rad1 Qc7 15. Ne2 Rae8 16. Ned4 Ng6 17. Bxg6 hxg6 18. Qg5 Nxd4 19. Nxd4 Qb6 20.
b3 Qc5 21. c4 b5 22. cxd5 Bxd5 23. Ne2 Qc2 24. Rd2 Re5 25. Rxc2 Rxg5 26. Nf4
Rf5 27. Nxd5 Rxd5 28. g3 Rfd8 29. Ree2 Kf8 30. Kg2 Rd3 31. h4 R3d5 32. Rc7 R5d7
33. Rxd7 Rxd7 34. Kf3 Rd4 35. Rc2 Ke7 36. Rc7+ Ke6 37. Ke3 Rd6 38. g4 Rd1 39.
f3 Rd6 40. Ke4 Rd1 41. Rc6+ Rd6 42. Rxd6+ 1-0

[Event "MCR_CF282"]
[Site "?"]
[Date "2003.??.??"]
[Round "?"]
[White "Splichal, Josef"]
[Black "Kotrc, Michal"]
[Result "1/2-1/2"]
[WhiteElo "2217"]
[BlackElo "2095"]
[PlyCount "90"]
[EventDate "2003.??.??"]
[EventType "corr"]
[EventRounds "2"]
[SourceDate "2005.03.12"]

1. e4 c6 2. d4 d5 3. exd5 cxd5 4. c3 Nc6 5. Nf3 Nf6 6. Bd3 g6 7. O-O Qc7 8. Na3
Bg7 9. Re1 O-O 10. Bg5 a6 11. Qc1 Nh5 12. Be2 b5 13. Bh6 Bxh6 14. Qxh6 f6 15.
g3 e5 16. Nc2 Ng7 17. Ne3 Nf5 18. Nxf5 Bxf5 19. Rad1 Rad8 20. Nh4 Be6 21. a3
Rfe8 22. dxe5 fxe5 23. Nf3 Bg4 24. Qg5 Bxf3 25. Bxf3 e4 26. Bg2 Re5 27. Qe3 Rf8
28. Bh3 Kg7 29. Re2 Rf3 30. Qd2 Qa7 31. Bg4 Rf6 32. Ree1 h5 33. Bh3 g5 34. g4
Qf7 35. gxh5 Qxh5 36. Re3 d4 37. cxd4 Rd5 38. Qe2 Qh4 39. Bg2 Nxd4 40. Qf1 Nc2
41. Rxe4 Qxf2+ 42. Qxf2 Rxd1+ 43. Bf1 Rxf2 44. Kxf2 Kf6 45. Bh3 Rd6 1/2-1/2

[Event "MCR_CF282"]
[Site "?"]
[Date "2003.??.??"]
[Round "?"]
[White "Splichal, Josef"]
[Black "Majstr, Jiri"]
[Result "1/2-1/2"]
[WhiteElo "2217"]
[BlackElo "1944"]
[PlyCount "111"]
[EventDate "2003.??.??"]
[EventType "corr"]
[EventRounds "2"]
[SourceDate "2005.03.12"]

1. e4 c5 2. Nf3 d6 3. d4 cxd4 4. Nxd4 Nf6 5. Nc3 a6 6. Be2 g6 7. O-O Bg7 8. Be3
O-O 9. Qd2 Nc6 10. f3 Qc7 11. Rad1 Bd7 12. Nxc6 bxc6 13. Bc4 Rfd8 14. b3 a5 15.
Qf2 Rab8 16. Na4 c5 17. Nc3 Bc6 18. e5 dxe5 19. Rxd8+ Rxd8 20. Bxc5 Qb7 21. Bb6
Ra8 22. a4 e6 23. Nb5 Bxb5 24. axb5 Bf8 25. Bc5 Qc7 26. Bxf8 Rxf8 27. Ra1 Nd5
28. Qd2 Nb4 29. Rd1 Qc5+ 30. Kh1 Rc8 31. c3 Nd5 32. Rc1 Ne3 33. Be2 Nf5 34. c4
Nd4 35. Rb1 Qb4 36. Qxb4 axb4 37. Bd1 Kf8 38. Ra1 Ke7 39. Kg1 Kd6 40. Kf2 Kc5
41. Ra7 f6 42. h4 h6 43. Ke1 Rg8 44. Rh7 h5 45. Rc7+ Kb6 46. Rf7 f5 47. Rd7 f4
48. Rd6+ Kc5 49. Rd7 g5 50. hxg5 Rxg5 51. Kf2 Rg8 52. Rh7 Ra8 53. Rxh5 Kd6 54.
Ke1 Ra1 55. b6 Ra6 56. b7 1/2-1/2

[Event "MCR_CF282"]
[Site "?"]
[Date "2003.??.??"]
[Round "?"]
[White "Splichal, Josef"]
[Black "Mazal, Petr"]
[Result "1-0"]
[WhiteElo "2217"]
[BlackElo "2165"]
[PlyCount "67"]
[EventDate "2003.??.??"]
[EventType "corr"]
[EventRounds "2"]
[SourceDate "2005.03.12"]

1. e4 e5 2. Nf3 Nc6 3. Bb5 f5 4. Nc3 fxe4 5. Nxe4 d5 6. Nxe5 dxe4 7. Nxc6 Qg5
8. Qe2 Nf6 9. f4 Qxf4 10. Nxa7+ Bd7 11. Bxd7+ Nxd7 12. d4 Qf5 13. Nb5 Bb4+ 14.
c3 Ba5 15. Rf1 Qe6 16. Bg5 Qg6 17. Bh4 Nf6 18. Qc4 O-O-O 19. Bxf6 gxf6 20. b4
Bb6 21. a4 c6 22. a5 Qg8 23. Qxg8 Rhxg8 24. axb6 cxb5 25. Rxf6 Rxg2 26. Ra8+
Kd7 27. Rf7+ Ke8 28. Rxd8+ Kxd8 29. h4 h6 30. Rxb7 Kc8 31. Rc7+ Kb8 32. d5 Rg6
33. Ke2 Rxb6 34. Rc6 1-0

[Event "MCR_CF282"]
[Site "?"]
[Date "2003.??.??"]
[Round "?"]
[White "Splichal, Josef"]
[Black "Struzka, Vlastimil"]
[Result "1-0"]
[WhiteElo "2217"]
[BlackElo "2186"]
[PlyCount "69"]
[EventDate "2003.??.??"]
[EventType "corr"]
[EventRounds "2"]
[SourceDate "2005.03.12"]

1. e4 d6 2. d4 Nf6 3. Nc3 g6 4. Be3 Bg7 5. Qd2 O-O 6. O-O-O Nc6 7. Nf3 d5 8. e5
Ng4 9. Bf4 f6 10. e6 g5 11. Bg3 Bxe6 12. h4 h6 13. Ne1 gxh4 14. Rxh4 f5 15. f3
Nf6 16. Bf4 h5 17. Bh6 Rf7 18. Nd3 Qf8 19. Be3 Qc8 20. Ne5 Nxe5 21. dxe5 Nd7
22. f4 c6 23. Qf2 b5 24. Be2 b4 25. Na4 b3 26. axb3 Kf8 27. Bxh5 c5 28. Nxc5
Nxc5 29. Bxc5 Qc6 30. Bd4 a5 31. Qg3 a4 32. b4 a3 33. bxa3 Rc8 34. Bc5 Qb7 35.
Bxf7 1-0

[Event "MCR_CF282"]
[Site "?"]
[Date "2003.??.??"]
[Round "?"]
[White "Splichal, Josef"]
[Black "Vladyka, Vaclav"]
[Result "1-0"]
[WhiteElo "2217"]
[BlackElo "2053"]
[PlyCount "111"]
[EventDate "2003.??.??"]
[EventType "corr"]
[EventRounds "2"]
[SourceDate "2005.03.12"]

1. e4 c5 2. Nf3 d6 3. d4 cxd4 4. Nxd4 Nf6 5. Nc3 a6 6. Bg5 e6 7. f4 Be7 8. Qf3
Qc7 9. O-O-O Nbd7 10. Bd3 b5 11. Rhe1 Bb7 12. Qg3 b4 13. Nd5 exd5 14. exd5 Kd8
15. Qe3 Re8 16. Nf5 Nxd5 17. Qe2 N7b6 18. Qh5 Bxg5 19. Qxg5+ Kd7 20. Qxg7 Rf8
21. Nd4 Rae8 22. Rxe8 Kxe8 23. Re1+ Ne7 24. f5 Nd7 25. f6 Ne5 26. fxe7 Qxe7 27.
Re2 f6 28. Qh6 Rf7 29. Qd2 d5 30. Bf5 Qc5 31. Qf4 a5 32. Qh4 Ba6 33. Re1 a4 34.
Bxh7 Re7 35. Bf5 Bc8 36. Qh8+ Kf7 37. Rd1 Bd7 38. Qh7+ Kf8 39. Qh8+ Kf7 40.
Bxd7 Rxd7 41. Qh7+ Ke8 42. Qh5+ Rf7 43. Qh8+ Rf8 44. Qh3 Qb6 45. Ne6 Rg8 46.
Rxd5 Qg1+ 47. Rd1 Qxg2 48. Qh7 Nf7 49. Nf4 Qg4 50. Qe4+ Ne5 51. Qa8+ Ke7 52.
Qb7+ Ke8 53. Qb8+ Ke7 54. Qd6+ Ke8 55. Qd8+ Kf7 56. Qc7+ 1-0

[Event "MCR_CF282"]
[Site "?"]
[Date "2003.??.??"]
[Round "?"]
[White "Struzka, Vlastimil"]
[Black "Fuka, Miroslav"]
[Result "1-0"]
[WhiteElo "2186"]
[BlackElo "2012"]
[PlyCount "91"]
[EventDate "2003.??.??"]
[EventType "corr"]
[EventRounds "2"]
[SourceDate "2005.03.12"]

1. e4 e5 2. Nf3 Nc6 3. Bc4 Nf6 4. Ng5 d5 5. exd5 Na5 6. Bb5+ c6 7. dxc6 bxc6 8.
Qf3 Rb8 9. Bd3 h6 10. Ne4 Nd5 11. b3 g6 12. Bb2 Bg7 13. Ba3 Nb4 14. Bxb4 Rxb4
15. c3 Rb8 16. O-O f5 17. Nc5 O-O 18. Qe3 Qd6 19. b4 Nb7 20. Bc4+ Kh8 21. Na6
Ra8 22. d3 f4 23. Qf3 g5 24. Nd2 g4 25. Qe4 Qf6 26. Qe1 f3 27. g3 Qg6 28. a4
Qh5 29. h4 gxh3 30. Kh2 Nd6 31. Nc5 Bg4 32. Be6 a5 33. Qe3 axb4 34. cxb4 Rae8
35. Bxg4 Qxg4 36. Nce4 Nxe4 37. Nxe4 Rb8 38. Rab1 Rfd8 39. Rfc1 Rd4 40. Rxc6
Qd7 41. b5 Ra8 42. Nc5 Qf7 43. b6 Qd5 44. Rc7 Rb8 45. b7 Qa2 46. Rxg7 1-0

[Event "MCR_CF282"]
[Site "?"]
[Date "2003.??.??"]
[Round "?"]
[White "Struzka, Vlastimil"]
[Black "Houdek, Vladimir"]
[Result "0-1"]
[WhiteElo "2186"]
[BlackElo "2183"]
[PlyCount "60"]
[EventDate "2003.??.??"]
[EventType "corr"]
[EventRounds "2"]
[SourceDate "2005.03.12"]

1. e4 c5 2. Nf3 e6 3. Nc3 a6 4. d4 cxd4 5. Nxd4 Qc7 6. Nf3 Nc6 7. Bd3 Nf6 8.
O-O Be7 9. Bg5 h6 10. Bh4 O-O 11. Qd2 d6 12. Rfd1 b5 13. a4 b4 14. Na2 Rb8 15.
c3 bxc3 16. Nxc3 Rb4 17. Rac1 Qb6 18. Nd5 exd5 19. Rxc6 Qxc6 20. Qxb4 dxe4 21.
Bxf6 Bxf6 22. Bxe4 Qc5 23. Qd2 Qc4 24. Qf4 Be6 25. Rc1 Qb3 26. Qxd6 Rd8 27.
Qxa6 Rd1+ 28. Rxd1 Qxd1+ 29. Qf1 Qxa4 30. Ne1 Qxe4 0-1

[Event "MCR_CF282"]
[Site "?"]
[Date "2003.??.??"]
[Round "?"]
[White "Struzka, Vlastimil"]
[Black "Kotrc, Michal"]
[Result "1/2-1/2"]
[WhiteElo "2186"]
[BlackElo "2095"]
[PlyCount "56"]
[EventDate "2003.??.??"]
[EventType "corr"]
[EventRounds "2"]
[SourceDate "2005.03.12"]

1. d4 Nf6 2. Nf3 b6 3. Bg5 Bb7 4. e3 e6 5. Nbd2 d5 6. c4 Be7 7. cxd5 Nxd5 8.
Bxe7 Nxe7 9. Bd3 Nd7 10. Qa4 O-O 11. Rc1 Nf6 12. Qb3 Ned5 13. O-O Qe7 14. a3
Rfc8 15. Rfd1 c5 16. dxc5 Rxc5 17. Qa4 Nd7 18. Nb3 Rxc1 19. Rxc1 a6 20. Qg4 Rc8
21. Rxc8+ Bxc8 22. Qg3 e5 23. Bf5 Qd6 24. h3 N5f6 25. Nbd4 Nh5 26. Qh2 Qc7 27.
Nb3 Qd6 28. Nbd4 Qc7 1/2-1/2

[Event "MCR_CF282"]
[Site "?"]
[Date "2003.??.??"]
[Round "?"]
[White "Struzka, Vlastimil"]
[Black "Majstr, Jiri"]
[Result "1/2-1/2"]
[WhiteElo "2186"]
[BlackElo "1944"]
[PlyCount "80"]
[EventDate "2003.??.??"]
[EventType "corr"]
[EventRounds "2"]
[SourceDate "2005.03.12"]

1. d4 d5 2. c4 dxc4 3. e3 Nf6 4. Bxc4 e6 5. Nf3 c5 6. O-O cxd4 7. Qxd4 Qxd4 8.
exd4 a6 9. Bg5 b5 10. Be2 Bb7 11. a4 b4 12. Rc1 Nc6 13. Nbd2 Nd5 14. Nb3 Bd6
15. Nc5 Bxc5 16. Rxc5 h6 17. Bd2 Nce7 18. Rac1 Rd8 19. Bd3 f6 20. Ne1 Kf7 21.
R1c4 b3 22. Be2 Rd6 23. Bh5+ g6 24. Bd1 Bc6 25. Bxb3 Rb8 26. Bd1 Rxb2 27. Bxh6
Nb6 28. Rc1 Bxa4 29. Nd3 Rb5 30. Be2 Rxd4 31. Be3 Rd7 32. Nf4 Rb2 33. Bxa6 Ned5
34. Nxd5 Nxd5 35. Bc8 Rd8 36. Ra5 Nxe3 37. Rxa4 Rc2 38. Ra7+ Kf8 39. Rb1 Rdxc8
40. fxe3 R8c7 1/2-1/2

[Event "MCR_CF282"]
[Site "?"]
[Date "2003.??.??"]
[Round "?"]
[White "Struzka, Vlastimil"]
[Black "Mazal, Petr"]
[Result "1/2-1/2"]
[WhiteElo "2186"]
[BlackElo "2165"]
[PlyCount "88"]
[EventDate "2003.??.??"]
[EventType "corr"]
[EventRounds "2"]
[SourceDate "2005.03.12"]

1. d4 Nf6 2. Nf3 g6 3. c4 d6 4. Nc3 Bg7 5. e4 O-O 6. Be2 e5 7. dxe5 dxe5 8.
Qxd8 Rxd8 9. Bg5 Re8 10. Nd5 Nxd5 11. cxd5 c6 12. Bc4 cxd5 13. Bxd5 Nc6 14. O-O
Bg4 15. Rac1 Rac8 16. Be3 Bxf3 17. gxf3 Nd4 18. Bxd4 exd4 19. Bxb7 Rxc1 20.
Rxc1 Be5 21. Rc5 Bf4 22. Ba6 Kg7 23. b4 Rb8 24. a3 Rd8 25. Bd3 g5 26. h3 Rd7
27. Kf1 h5 28. Ke2 f6 29. Bc4 Rc7 30. Kd3 Be5 31. Rxc7+ Bxc7 32. a4 Kf8 33.
Kxd4 Bb6+ 34. Kd5 Bxf2 35. Kc6 Ke7 36. Kb7 Kd6 37. Bf7 h4 38. a5 Be1 39. Kxa7
Kc7 40. Bd5 Bxb4 41. a6 Bc5+ 42. Ka8 Bd4 43. Bb7 Bc5 44. a7 Bd4 1/2-1/2

[Event "MCR_CF282"]
[Site "?"]
[Date "2003.??.??"]
[Round "?"]
[White "Struzka, Vlastimil"]
[Black "Splichal, Josef"]
[Result "1/2-1/2"]
[WhiteElo "2186"]
[BlackElo "2217"]
[PlyCount "68"]
[EventDate "2003.??.??"]
[EventType "corr"]
[EventRounds "2"]
[SourceDate "2005.03.12"]

1. d4 Nf6 2. Nf3 c5 3. dxc5 e6 4. b4 b6 5. cxb6 Bxb4+ 6. c3 Be7 7. bxa7 Nc6 8.
Nbd2 Ba6 9. Qc2 d5 10. e3 Bxf1 11. Nxf1 O-O 12. Ng3 Qc7 13. O-O Rxa7 14. Bd2
Rb8 15. Nd4 Nxd4 16. exd4 Rba8 17. Rfb1 Ra4 18. Qb3 Bd6 19. Rb2 Ra3 20. Qc2
Bxg3 21. hxg3 Ne4 22. Rab1 g6 23. Bf4 Qxc3 24. Qxc3 Nxc3 25. Rb8+ Kg7 26. Be5+
Kh6 27. Rxa8 Rxa8 28. Rb3 Ne2+ 29. Kf1 Rxa2 30. Re3 Nc1 31. Rf3 Ra1 32. Rxf7
Nd3+ 33. Ke2 Nxe5 34. dxe5 Kg5 1/2-1/2

[Event "MCR_CF282"]
[Site "?"]
[Date "2003.??.??"]
[Round "?"]
[White "Struzka, Vlastimil"]
[Black "Vladyka, Vaclav"]
[Result "1-0"]
[WhiteElo "2186"]
[BlackElo "2053"]
[PlyCount "93"]
[EventDate "2003.??.??"]
[EventType "corr"]
[EventRounds "2"]
[SourceDate "2005.03.12"]

1. e4 c5 2. Nf3 d6 3. d4 cxd4 4. Nxd4 Nf6 5. Nc3 Nc6 6. Bb5 Bd7 7. O-O g6 8.
Be3 Bg7 9. f3 O-O 10. Nxc6 bxc6 11. Bc4 Rb8 12. Rb1 Qc7 13. Qd2 Rfd8 14. Bb3 c5
15. Bc4 Bc6 16. Rfd1 Qa5 17. Qc1 e6 18. Qd2 Ne8 19. Qd3 Nc7 20. a3 d5 21. b4
cxb4 22. axb4 Rxb4 23. Ra1 Qxa1 24. Rxa1 Rxc4 25. Ra3 a6 26. Bb6 Bb7 27. exd5
exd5 28. Rb3 Rd7 29. Ne2 Nb5 30. c3 Re7 31. Nd4 Nxd4 32. Bxd4 Bxd4+ 33. cxd4
Rec7 34. Qe3 Kg7 35. Rb6 Rc1+ 36. Kf2 R1c2+ 37. Kg3 h6 38. Qe5+ Kg8 39. h4 h5
40. Kf4 a5 41. Rd6 Rc8 42. Kg5 Kh7 43. Rd7 Rxg2+ 44. Kf6 Kg8 45. Rxf7 Re2 46.
Rg7+ Kh8 47. Qxe2 1-0

[Event "MCR_CF282"]
[Site "?"]
[Date "2003.??.??"]
[Round "?"]
[White "Vladyka, Vaclav"]
[Black "Fuka, Miroslav"]
[Result "0-1"]
[WhiteElo "2053"]
[BlackElo "2012"]
[PlyCount "60"]
[EventDate "2003.??.??"]
[EventType "corr"]
[EventRounds "2"]
[SourceDate "2005.03.12"]

1. e4 e6 2. d4 d5 3. Nd2 a6 4. Ngf3 Nf6 5. e5 Nfd7 6. Bd3 c5 7. c3 Nc6 8. O-O
g5 9. Qe2 cxd4 10. cxd4 Qb6 11. h3 h5 12. Nb3 g4 13. hxg4 hxg4 14. Nh2 Nxd4 15.
Nxd4 Qxd4 16. Nxg4 Rh4 17. Nf6+ Nxf6 18. exf6 Bd6 19. Bf5 Qxf6 20. g3 Qg7 21.
Bc2 Bd7 22. Qf3 Bc6 23. Re1 d4 24. Ba4 Bxa4 25. Qxb7 Ra7 26. Qc8+ Ke7 27. b3
Rc7 28. Qxc7+ Bxc7 29. Ba3+ Kd7 30. bxa4 Bxg3 0-1

[Event "MCR_CF282"]
[Site "?"]
[Date "2003.??.??"]
[Round "?"]
[White "Vladyka, Vaclav"]
[Black "Houdek, Vladimir"]
[Result "1/2-1/2"]
[WhiteElo "2053"]
[BlackElo "2183"]
[PlyCount "80"]
[EventDate "2003.??.??"]
[EventType "corr"]
[EventRounds "2"]
[SourceDate "2005.03.12"]

1. e4 c5 2. Nf3 e6 3. d4 cxd4 4. Nxd4 a6 5. Bd3 Bc5 6. Nb3 Ba7 7. Qe2 Nc6 8.
O-O d6 9. Be3 Bxe3 10. Qxe3 Nf6 11. c4 O-O 12. Nc3 b6 13. Rad1 Qc7 14. f4 Bb7
15. Be2 h6 16. Rd2 Ne7 17. g4 e5 18. f5 a5 19. a4 Qc6 20. Rfd1 Rfd8 21. Nc1
Nxe4 22. Nxe4 Qxe4 23. Qxe4 Bxe4 24. Rxd6 Nc6 25. Rxd8+ Rxd8 26. Rxd8+ Nxd8 27.
Kf2 Nb7 28. Nd3 Bxd3 29. Bxd3 Nc5 30. Bc2 Kf8 31. h4 Ke7 32. Ke3 Kf6 33. Kf3 g5
34. fxg6 fxg6 35. Ke3 g5 36. h5 Ke6 37. Kf3 Kd6 38. Ke3 Nd7 39. Bf5 Nf6 40. Kd2
Kc5 1/2-1/2

[Event "MCR_CF282"]
[Site "?"]
[Date "2003.??.??"]
[Round "?"]
[White "Vladyka, Vaclav"]
[Black "Kotrc, Michal"]
[Result "0-1"]
[WhiteElo "2053"]
[BlackElo "2095"]
[PlyCount "88"]
[EventDate "2003.??.??"]
[EventType "corr"]
[EventRounds "2"]
[SourceDate "2005.03.12"]

1. e4 c6 2. d4 d5 3. exd5 cxd5 4. Bd3 Nc6 5. c3 Qc7 6. Ne2 Bg4 7. f3 Bd7 8. Na3
a6 9. Nc2 e6 10. Bf4 Bd6 11. Bxd6 Qxd6 12. O-O Nf6 13. Qd2 O-O 14. Rae1 b5 15.
Ng3 Rfe8 16. Re2 Rab8 17. a3 a5 18. Ree1 b4 19. axb4 axb4 20. Ra1 Rb6 21. Qg5
Reb8 22. Rfe1 h6 23. Qe3 bxc3 24. bxc3 Rb3 25. Ne2 Qc7 26. Ra2 Ne8 27. Rea1
Rb1+ 28. Ne1 Rxa1 29. Rxa1 Nd6 30. Qf4 Ne7 31. Ra6 Nec8 32. Qg3 Bb5 33. Bxb5
Rxb5 34. Kf2 Rb1 35. Qe5 Rd1 36. Ra4 Qb7 37. Rb4 Qa6 38. Rb8 Kh7 39. h4 Rd2 40.
Qe3 Nc4 41. Qf4 N8d6 42. Kf1 Qa1 43. g4 Rd1 44. Qg3 Nd2+ 0-1

[Event "MCR_CF282"]
[Site "?"]
[Date "2003.??.??"]
[Round "?"]
[White "Vladyka, Vaclav"]
[Black "Majstr, Jiri"]
[Result "0-1"]
[WhiteElo "2053"]
[BlackElo "1944"]
[PlyCount "96"]
[EventDate "2003.??.??"]
[EventType "corr"]
[EventRounds "2"]
[SourceDate "2005.03.12"]

1. e4 c5 2. Nf3 d6 3. d4 cxd4 4. Nxd4 Nf6 5. Nc3 a6 6. Bg5 Nbd7 7. Be2 d5 8.
exd5 Nxd5 9. Nxd5 Qa5+ 10. c3 Qxd5 11. Nf3 Qxd1+ 12. Rxd1 b5 13. O-O h6 14. Bf4
Bb7 15. Ne5 Nxe5 16. Bxe5 Rg8 17. c4 b4 18. Rd2 e6 19. Rfd1 Bc6 20. g3 Be7 21.
b3 Rc8 22. Bd6 Bxd6 23. Rxd6 Ke7 24. f4 g5 25. f5 exf5 26. Rxh6 Rg6 27. Rh7 g4
28. Rd4 Re6 29. Bd3 Be4 30. Kf2 Rc5 31. Bxe4 fxe4 32. Ke3 Ra5 33. Rd2 Rf5 34.
Re2 a5 35. Kd4 Rd6+ 36. Kxe4 Ke6 37. Rh6+ f6 38. Ke3 Rf3+ 39. Ke4 Kf7 40. Rh7+
Kg8 41. Re7 Kf8 42. c5 Rd8 43. Re6 Kf7 44. Rxf6+ Kxf6 45. Rc2 Rfd3 46. Rc4 Rc3
47. c6 Rxc4+ 48. bxc4 a4 0-1